000 00837nam a2200301Ia 4500
001 2374
003 IT-RoPAU
008 130308s9999 xx 000 0 und d
040 _aIT-RoPAU
040 _cIT-RoPAU
041 _aITALIANO
100 _aCottone Carmelo
100 _gCodice Aut. SPICS: 7741
245 _aCinema educativo e no
245 _bCinema Educativo e No
250 _a1a ed.
260 _aROMA
260 _bSignorelli Angelo
260 _c1953 [1° Ed.:1953 - Ed.Ling.Originale:1953]
300 _a"98 p. (prefazione: no ; testo: 98)"
500 _aRagazzi di Fronte al Cinema Proibito Ai minori Libro e Film Avvenire del Cinema nella Scuola Elementare
650 _aEDUCAZIONE AL CINEMA
650 _eCodice materia Spics: 6812
942 _cBK
957 _71
999 _c72665
_d72665
999 _bSI
999 _g1